000 00804cab a2200241 4500
001 WB3437-39
008 090401t1998 xxu||||| |||| 00| 0 eng d
035 _a(Sirsi) u88744
041 _aeng
245 _aLimited liability trading
260 _c1998
350 _a0
490 _aFinancial Times
_v29 September 1998, 21(2)
520 _aDiscusses the likely impact of new government proposals to allow professional partnerships to trade with limited liability whilst retaining the organisational flexibility of a partnership.
650 _aACCOUNTANCY FIRMS
650 _aLAW FIRMS
650 _aLIMITED LIABILITY
650 _aPARTNERSHIPS
650 _aPROFESSIONAL PARTNERSHIPS
690 _aMANAGEMENT-BUSINESS MANAGEMENT-PROFESSIONAL PRACTICE
942 _n0
948 _c30/09/1998
999 _c56098
_d56098